[Event "Heroes Day Cup Candidates"]
[Site "Bridgetown"]
[Date "2005.04.28"]
[Round "1"]
[White "Mensing, Fabio"]
[Black "Suez-Panama, Giles"]
[Result "1/2-1/2"]
[WhiteElo "2152"]
[BlackElo "2068"]
[PlyCount "111"]
[EventDate "2005.04.28"]
[SourceDate "2005.04.28"]

1. Nf3 Nf6 2. b3 d6 3. Bb2 e5 4. d3 Nc6 5. g3 Be7 6. Bg2 Bd7 7. O-O Qc8 8. Re1
Bh3 9. e4 Bxg2 10. Kxg2 O-O 11. Nbd2 h6 12. d4 exd4 13. Nxd4 Nxd4 14. Bxd4 c5
15. Bb2 Qc6 16. c4 Rae8 17. f3 Nd7 18. Nf1 b5 19. Ne3 bxc4 20. Nxc4 Rd8 21. Ne3
Bf6 22. Nd5 Rfe8 23. Bxf6 Nxf6 24. Nxf6+ gxf6 25. Qd2 Kg7 26. Rad1 Re5 27. Qc2
Rde8 28. g4 Qd7 29. Qc3 Qe7 30. Kf2 Qc7 31. Rd5 Rxd5 32. exd5 Rxe1 33. Qxe1 c4
34. bxc4 Qxc4 35. Qd2 Qc5+ 36. Kg3 Qg1+ 37. Kf4 h5 38. h4 hxg4 39. fxg4 Qf1+
40. Kg3 Qg1+ 41. Qg2 Qe1+ 42. Kh3 Qe3+ 43. Qg3 Qe5 44. Qg2 Qf4 45. Qg3 Qf1+ 46.
Qg2 Qd3+ 47. Kh2 Qd4 48. h5 Kh6 49. Qf3 a5 50. a3 a4 51. Kh3 Qe5 52. Kg2 Qb2+
53. Kf1 Qc1+ 54. Kg2 Qb2+ 55. Kf1 Qc1+ 56. Kg2 1/2-1/2

[Event "Heroes Day Cup Candidates"]
[Site "Bridgetown"]
[Date "2005.04.28"]
[Round "1"]
[White "Del Castilho, Martyn"]
[Black "Farley, Terry"]
[Result "0-1"]
[WhiteElo "2017"]
[BlackElo "2186"]
[PlyCount "68"]
[EventDate "2005.04.28"]
[SourceDate "2005.04.28"]

1. e4 c5 2. Nf3 d6 3. d4 cxd4 4. Nxd4 Nf6 5. Nc3 a6 6. Bg5 e6 7. f4 Qc7 8. Qf3
b5 9. O-O-O b4 10. Nd5 Nxd5 11. exd5 Bb7 12. Re1 Qc5 13. Rxe6+ fxe6 14. Nxe6
Bxd5 15. Qh3 Qa7 16. Bd3 Nc6 17. Re1 Be7 18. Bxh7 Rxh7 19. Qxh7 Bxe6 20. Qe4
Qd7 21. Bxe7 Kxe7 22. f5 Kd8 23. fxe6 Qe8 24. Rf1 Ra7 25. Qd5 Kc7 26. Rf7+ Kb6
27. Qf5 Rc7 28. g4 Nd4 29. Qf2 Rxc2+ 30. Qxc2 Nxc2 31. Kxc2 Qxe6 32. Rxg7 Qe4+
33. Kb3 Qd3+ 34. Ka4 a5 0-1

[Event "Heroes Day Cup Candidates"]
[Site "?"]
[Date "2005.04.29"]
[Round "3"]
[White "Del Castihlo, Martyn"]
[Black "Suez- Panama, Giles"]
[Result "0-1"]
[WhiteElo "2017"]
[BlackElo "2068"]
[PlyCount "75"]
[EventDate "2005.04.29"]
[SourceDate "2005.04.28"]

1. e4 Nf6 2. e5 Nd5 3. d4 d6 4. c4 Nb6 5. f4 dxe5 6. fxe5 g6 7. Nf3 Bg4 8. Be2
Nc6 9. Be3 Bg7 10. O-O O-O 11. Nc3 a5 12. Qd2 a4 13. Rac1 Na5 14. Ne4 Nd7 15.
Bh6 Bxf3 16. Rxf3 Nxe5 17. dxe5 Qxd2 18. Bxd2 Bxe5 19. Bc3 Nc6 20. Rff1 Nd4 21.
Bf3 Rad8 22. Nc5 Bf4 23. Rce1 Nc2 24. Nxb7 Nxe1 25. Rxe1 Bd2 26. Nxd8 Bxe1 27.
Bxe1 Rxd8 28. Ba5 Rd4 29. c5 Rc4 30. c6 e5 31. b3 axb3 32. axb3 Rc1+ 33. Kf2 f5
34. Bd5+ Kf8 35. Bxc7 Ke7 36. b4 e4 37. b5 Rc2+ 38. Ke1 0-1

[Event "Heroes Day Cup Candidates"]
[Site "?"]
[Date "2005.04.29"]
[Round "3"]
[White "Austin, Dirk"]
[Black "Singh, Ravishen"]
[Result "0-1"]
[WhiteElo "2163"]
[BlackElo "2074"]
[PlyCount "94"]
[EventDate "2005.04.29"]
[SourceDate "2005.04.28"]

1. c4 Nf6 2. Nc3 e6 3. Nf3 d5 4. d4 Be7 5. Bg5 Nbd7 6. cxd5 exd5 7. e3 O-O 8.
Bd3 h6 9. Bxf6 Nxf6 10. Qc2 c6 11. O-O Bd6 12. Ne5 Ng4 13. Nxg4 Bxg4 14. f3 Bd7
15. Rad1 Qh4 16. f4 Rae8 17. Qf2 Qxf2+ 18. Kxf2 b6 19. a3 Bc8 20. Rd2 Bb7 21.
Rc1 Rc8 22. Rdc2 Bb8 23. b4 Rcd8 24. Rb2 Rfe8 25. Rcb1 c5 26. Bb5 Re7 27. bxc5
bxc5 28. Ne2 c4 29. Ba4 Re6 30. Ra2 Ra6 31. Bc2 Bc6 32. Nc3 Bc7 33. Nb5 Ba5 34.
a4 Rb8 35. Raa1 Rab6 36. Nxa7 Rxb1 37. Bxb1 Rb2+ 38. Kf3 Bd7 39. Nb5 Be1 40.
Bc2 Bd2 41. Na3 Bb4 42. Bd1 h5 43. h3 Bf5 44. Kg3 h4+ 45. Kxh4 Rxg2 46. Bg4
Be7+ 47. Kh5 Bxg4+ 0-1

[Event "Heroes Day Cup Candidates"]
[Site "?"]
[Date "2005.04.29"]
[Round "4"]
[White "Harewood, Othneil"]
[Black "Del Castihlo, Martyn"]
[Result "0-1"]
[WhiteElo "2052"]
[BlackElo "2017"]
[PlyCount "73"]
[EventDate "2005.04.29"]
[SourceDate "2005.04.28"]

1. d4 Nf6 2. Nf3 c5 3. e3 g6 4. Bd3 Bg7 5. c4 O-O 6. Bd2 b6 7. Bc3 cxd4 8. exd4
d5 9. Nbd2 Bb7 10. O-O e6 11. c5 Ba6 12. Bxa6 Nxa6 13. b4 Ne4 14. Nxe4 dxe4 15.
Ne5 bxc5 16. dxc5 Qc7 17. Qd6 Qxd6 18. cxd6 Rfc8 19. Bd4 Nxb4 20. Rab1 Nc2 21.
Bb2 e3 22. fxe3 Nxe3 23. Rfc1 Nd5 24. Rxc8+ Rxc8 25. Bd4 Nb6 26. Bxb6 axb6 27.
Nf3 Rd8 28. Rxb6 Bf8 29. Kf1 Rxd6 30. Rxd6 Bxd6 31. Ke2 Kf8 32. Kd3 Ke7 33. Kc4
f5 34. a4 e5 35. h3 Kf6 36. a5 Bb8 37. a6 {
Scoresheets illegible. Black won in about another 20 or so moves.} 0-1

[Event "Heroes Day Cup Candidates"]
[Site "?"]
[Date "2005.04.29"]
[Round "4"]
[White "Suez-Panama, Giles"]
[Black "Austin, Dirk"]
[Result "*"]
[WhiteElo "2068"]
[BlackElo "2163"]
[PlyCount "84"]
[EventDate "2005.04.29"]
[SourceDate "2005.04.28"]

1. f4 Nf6 2. Nf3 d5 3. e3 g6 4. d4 Bg7 5. Bd3 O-O 6. O-O b6 7. Qe2 Bb7 8. b3 c5
9. c3 Ne4 10. Bb2 Nd7 11. Nbd2 Ndf6 12. Rac1 e6 13. Rc2 Qc8 14. Rfc1 Ng4 15.
Bxe4 dxe4 16. Ng5 Nf6 17. c4 h6 18. Nh3 Nd7 19. Nf2 f5 20. g4 Qd8 21. gxf5 gxf5
22. Nf1 Kh7 23. Rd1 Rg8 24. Ng3 Qh4 25. Qf1 Rad8 26. Rcd2 cxd4 27. Bxd4 Bxd4
28. Rxd4 Nc5 29. Qh3 Qxh3 30. Nxh3 Nd3 31. Nf2 Rxd4 32. exd4 Nxf4 33. Re1 h5
34. Kf1 h4 35. Ngxe4 fxe4 36. Nxe4 Rg2 37. d5 exd5 38. Nf6+ Kg6 39. Nxd5 Bxd5
40. cxd5 Rxa2 41. Kg1 Rd2 42. Re4 Kf5 *

[Event "Heroes Day Cup Candidates"]
[Site "?"]
[Date "2005.04.30"]
[Round "5"]
[White "Del Castihlo, Martyn"]
[Black "Mensing, Fabio"]
[Result "1-0"]
[WhiteElo "2017"]
[BlackElo "2152"]
[PlyCount "55"]
[EventDate "2005.04.29"]
[SourceDate "2005.04.28"]

1. e4 c5 2. Nf3 a6 3. c3 d5 4. exd5 Qxd5 5. d4 e6 6. Bd3 Nf6 7. O-O Be7 8. Bc2
Nc6 9. a3 b5 10. Re1 Bb7 11. Bb3 c4 12. Bc2 Na5 13. Re5 Qc6 14. Bg5 Nb3 15.
Bxb3 cxb3 16. Re1 h6 17. Bxf6 gxf6 18. Qxb3 Rg8 19. Nbd2 f5 20. Re5 Bd6 21. d5
Qc7 22. Re2 O-O-O 23. c4 Bf4 24. g3 bxc4 25. Nxc4 Kb8 26. dxe6 Qc6 27. exf7 Rg7
28. Na5 1-0

[Event "Heroes Day Cup Candidates"]
[Site "?"]
[Date "2005.04.30"]
[Round "5"]
[White "Austin, Dirk"]
[Black "Harewood, Othneil"]
[Result "1-0"]
[WhiteElo "2163"]
[BlackElo "2052"]
[PlyCount "143"]
[EventDate "2005.04.29"]
[SourceDate "2005.04.28"]

1. c4 c5 2. Nf3 Nc6 3. Nc3 Nf6 4. g3 e6 5. Bg2 Be7 6. O-O d5 7. cxd5 exd5 8. d4
cxd4 9. Nxd4 O-O 10. Bg5 h6 11. Be3 Be6 12. Rc1 Qd7 13. Qa4 Bh3 14. Nxc6 bxc6
15. Rfd1 Bxg2 16. Kxg2 Rfb8 17. Bd4 Qe6 18. Qc2 Rb7 19. f3 Rab8 20. Na4 Rb4 21.
b3 a5 22. Rd2 Nh7 23. Qxc6 Qf5 24. Qc2 Qh5 25. Qd3 Bg5 26. f4 Bf6 27. Bc5 Re4
28. Qf3 Qf5 29. e3 Rbe8 30. Rcd1 d4 31. Rd3 Qe6 32. R1d2 g5 33. h3 h5 34. Qxh5
Rxe3 35. Rxe3 Qxe3 36. Rf2 Qe4+ 37. Qf3 d3 38. Qxe4 Rxe4 39. Kf3 Re8 40. Rd2
Rd8 41. Ke4 gxf4 42. gxf4 Bg7 43. Rxd3 Nf6+ 44. Ke3 Re8+ 45. Kf3 Nh5 46. Be3
Kh7 47. Rd5 Nf6 48. Rxa5 Rd8 49. Nb6 Rd1 50. Rc5 Rf1+ 51. Kg2 Re1 52. Kf3 Bf8
53. Rc2 Rh1 54. Kg2 Re1 55. Bf2 Re4 56. Kf3 Rb4 57. Rc4 Rb5 58. Bd4 Nh5 59. Nd7
Be7 60. Kg4 Rd5 61. Nb6 Ra5 62. a4 Ng7 63. Bxg7 Kxg7 64. b4 f5+ 65. Kf3 Ra7 66.
a5 Bd8 67. Rc6 Bxb6 68. Rxb6 Rc7 69. a6 Rc3+ 70. Ke2 Rxh3 71. Rb5 Rh6 72. Ra5 {
Black resigns.} 1-0

[Event "Heroes Day Cup Candidates"]
[Site "Bridgetown"]
[Date "????.??.??"]
[Round "6"]
[White "Suez-Panama, Giles"]
[Black "Farley, Terry"]
[Result "0-1"]
[WhiteElo "2068"]
[BlackElo "2186"]
[PlyCount "84"]
[EventDate "2005.04.28"]
[SourceDate "2005.04.28"]

1. f4 c5 2. Nf3 Nc6 3. e3 g6 4. Bb5 Bg7 5. O-O d6 6. Nc3 e6 7. Bxc6+ bxc6 8. d3
Ne7 9. Bd2 Rb8 10. Na4 c4 11. dxc4 O-O 12. Rb1 c5 13. b3 Bb7 14. Bc3 f6 15. Qd2
Qc7 16. Rbd1 d5 17. cxd5 exd5 18. Ba5 Qc6 19. Rfe1 Rfe8 20. Qc1 Nf5 21. c4 d4
22. exd4 Nxd4 23. Rxd4 cxd4 24. Nb2 Rxe1+ 25. Bxe1 Re8 26. Bf2 Re2 27. Nd3 a5
28. Qf1 Rxa2 29. Nxd4 Qe8 30. Nc5 Be4 31. h3 f5 32. Nce6 Bf6 33. c5 Bd5 34. Nc7
Qd7 35. Nxd5 Qxd5 36. Qc4 Qxc4 37. bxc4 Bxd4 38. Bxd4 Rc2 39. Kf1 Rxc4 40. Be5
Kf7 41. Ke2 Ke6 42. Kd3 Kd5 0-1

[Event "Heroes Day Cup Candidates"]
[Site "?"]
[Date "2005.04.28"]
[Round "6"]
[White "Merritt, Mario"]
[Black "Del Castilho, Martyn"]
[Result "0-1"]
[WhiteElo "2152"]
[BlackElo "2017"]
[PlyCount "84"]
[EventDate "2005.??.??"]
[SourceDate "2005.04.28"]

1. c4 f5 2. Nc3 Nf6 3. g3 e6 4. Bg2 Be7 5. Nf3 O-O 6. O-O d6 7. d4 Ne4 8. Qc2
Nxc3 9. Qxc3 Qe8 10. b4 Bf6 11. Bb2 Nd7 12. Qc2 Qg6 13. Rfd1 e5 14. dxe5 Bxe5
15. Nd4 Nf6 16. f4 Bxd4+ 17. Rxd4 Re8 18. c5 Qh5 19. Bf3 Ng4 20. h4 Qg6 21.
cxd6 cxd6 22. Qd3 Nf6 23. Kh2 Ne4 24. Bg2 Nf2 25. Bd5+ Kh8 26. Qf3 Ng4+ 27. Kg1
Re3 28. Qg2 Bd7 29. Bc1 Re7 30. Bxb7 Rae8 31. e4 fxe4 32. Qe2 Nf6 33. Kf2 Bg4
34. Qb5 e3+ 35. Kg2 Qc2+ 36. Kh1 Rxb7 37. Qxb7 Qf2 38. Ba3 Bf3+ 39. Qxf3 Qxf3+
40. Kh2 Ng4+ 41. Kh3 e2 42. Rxd6 h5 0-1

[Event "Heroes Day Cup Candidates"]
[Site "Bridgetown"]
[Date "2005.05.01"]
[Round "7"]
[White "Austin, Dirk"]
[Black "Merritt, Mario"]
[Result "1-0"]
[WhiteElo "2152"]
[BlackElo "2163"]
[PlyCount "81"]
[EventDate "2005.04.28"]
[SourceDate "2005.04.28"]

1. c4 c5 2. Nc3 Nc6 3. Nf3 Nf6 4. g3 g6 5. Bg2 Bg7 6. O-O d5 7. cxd5 Nxd5 8.
Qb3 Nb6 9. d3 O-O 10. Be3 Nd4 11. Qd1 Bg4 12. Ng5 Qc7 13. Rc1 Rac8 14. h3 Bd7
15. Nce4 Na4 16. b3 f5 17. Bxd4 Bxd4 18. bxa4 fxe4 19. Qb3+ Kg7 20. Nxe4 b6 21.
e3 Bf6 22. a5 Bf5 23. axb6 axb6 24. Rfd1 Qa7 25. Rb1 Rb8 26. Nc3 Rfd8 27. Nb5
Qa5 28. g4 Bd7 29. a4 e5 30. Qc4 Be8 31. Qe4 Rd7 32. g5 Rbd8 33. gxf6+ Kxf6 34.
f4 exf4 35. Qxf4+ Kg7 36. Rf1 Bf7 37. Nd6 Rxd6 38. Qxf7+ Kh8 39. Qe7 Kg8 40.
Rf7 Qc3 41. Rbf1 1-0

[Event "Heroes Day Cup Candidates"]
[Site "Bridgetown"]
[Date "2005.05.01"]
[Round "7"]
[White "Farley, Terry"]
[Black "Harewood, Othneil"]
[Result "1-0"]
[WhiteElo "2186"]
[BlackElo "2052"]
[Annotator ",Neil"]
[PlyCount "91"]
[EventDate "2005.04.28"]
[SourceDate "2005.04.28"]

1. e4 d6 2. d4 e6 3. Nf3 Be7 4. Bd3 Nc6 5. c3 Bf6 6. h3 e5 7. Bc2 Bd7 8. a3 h6
9. Qd3 g5 10. Be3 b5 11. Nbd2 a5 12. d5 Nce7 13. b4 axb4 14. cxb4 Ng6 15. g3
Qb8 16. Nb3 N6e7 17. h4 gxh4 18. Nxh4 Bxh4 19. Rxh4 Ng6 20. Rh2 N6e7 21. Na5 c5
22. dxc6 Nxc6 23. Nxc6 Bxc6 24. Bb3 Nf6 25. f3 Ke7 26. O-O-O Rxa3 27. Kb2 Ra6
28. g4 Bd7 29. Rdh1 Be6 30. Rxh6 Rxh6 31. Rxh6 Qa8 32. Bg5 Ra2+ 33. Bxa2 Qxa2+
34. Kc1 Qa1+ 35. Kd2 Bc4 36. Bxf6+ Kd7 37. Qc3 Qa2+ 38. Kc1 Qa7 39. Bg5 Qg1+
40. Kb2 Qa7 41. Be3 Qa2+ 42. Kc1 Qa4 43. f4 exf4 44. Bxf4 Be6 45. Rh2 Bxg4 46.
Rd2 {Black resigns.} 1-0

[Event "Heroes Day Cup Candidates"]
[Site "Bridgetown"]
[Date "2005.05.01"]
[Round "8"]
[White "Mensing, Fabio"]
[Black "Farley, Terry"]
[Result "0-1"]
[WhiteElo "2152"]
[BlackElo "2186"]
[PlyCount "42"]
[EventDate "2005.04.28"]
[SourceDate "2005.04.28"]

1. e4 c5 2. f4 d5 3. exd5 Nf6 4. c4 e6 5. Nc3 Bd6 6. g3 O-O 7. Bg2 exd5 8. Nxd5
Nxd5 9. Bxd5 Re8+ 10. Kf2 Nd7 11. Ne2 Nf6 12. Bf3 Bf5 13. Nc3 Bf8 14. Nd5 Ne4+
15. Kg1 g6 16. d3 Nf6 17. Bd2 Bg7 18. Bc3 Nxd5 19. Bxd5 Re3 20. d4 cxd4 21.
Bxd4 Rd3 0-1

[Event "Heroes Day Cup Candidates"]
[Site "Bridgetown"]
[Date "2005.05.01"]
[Round "8"]
[White "Harewood, Othneil"]
[Black "Singh, Ravishen"]
[Result "0-1"]
[WhiteElo "2052"]
[BlackElo "2074"]
[Annotator ",Neil"]
[PlyCount "80"]
[EventDate "2005.04.28"]
[SourceDate "2005.04.28"]

1. d4 Nf6 2. Nf3 g6 3. Bd2 Bg7 4. Bc3 d5 5. Nbd2 O-O 6. e3 b6 7. b4 Bb7 8. Rb1
Nbd7 9. Be2 Ne8 10. Ba1 Nd6 11. O-O b5 12. Nb3 Nb6 13. Nc5 Bc8 14. Ne5 f6 15.
Ned3 Bf5 16. Nf4 Qc8 17. g4 Bd7 18. Bf3 c6 19. h3 e5 20. Nxd7 Qxd7 21. Nd3 Qe7
22. Nc5 e4 23. Bg2 f5 24. Rb3 Nbc4 25. Bc3 Bh6 26. Re1 Rae8 27. Rf1 Rf7 28. Be1
f4 29. exf4 Bxf4 30. Qe2 Qf8 31. h4 e3 32. f3 Nd2 33. Bxd2 exd2 34. Qd1 Nc4 35.
Bh3 Qh6 36. h5 Qg5 37. hxg6 hxg6 38. Nd3 Rfe7 39. Nxf4 Qxf4 40. c3 Re2 {
White succumbs and resigns.} 0-1

[Event "Heroes Day Cup Candidates"]
[Site "Bridgetown"]
[Date "2005.05.01"]
[Round "8"]
[White "Del Castilho, Martyn"]
[Black "Austin, Dirk"]
[Result "0-1"]
[WhiteElo "2017"]
[BlackElo "2163"]
[PlyCount "82"]
[EventDate "2005.04.28"]
[SourceDate "2005.04.28"]

1. e4 c5 2. Nf3 d6 3. d4 cxd4 4. Nxd4 Nf6 5. Nc3 a6 6. Bg5 e6 7. f4 Be7 8. Qf3
Qa5 9. O-O-O Bd7 10. Kb1 Nc6 11. Nb3 Qc7 12. g4 h6 13. Bh4 g5 14. fxg5 Ne5 15.
Qg3 Nfxg4 16. gxh6 Bxh4 17. Qxh4 Rxh6 18. Qg5 Rg6 19. Qh4 Qd8 20. Qh8+ Ke7 21.
Qh4+ Nf6 22. Be2 Qb6 23. Rhf1 Bb5 24. Nd4 Bxe2 25. Ndxe2 Nc4 26. b3 Na3+ 27.
Kb2 Nc4+ 28. Ka1 Ne3 29. Nf4 Rag8 30. Rf3 Rg5 31. Rd2 Qc5 32. Kb2 b5 33. Qf2
Qxc3+ 34. Kxc3 Nxe4+ 35. Kd3 Nxf2+ 36. Kxe3 Ng4+ 37. Ke2 Nxh2 38. Rfd3 Rf5 39.
Rxd6 Rxf4 40. Rxa6 Rg2+ 41. Kd3 Rf3+ 0-1

[Event "Heroes Day Cup Candidates"]
[Site "Bridgetown"]
[Date "2005.05.02"]
[Round "9"]
[White "Singh, Ravishen"]
[Black "Mensing, Fabio"]
[Result "1/2-1/2"]
[WhiteElo "2074"]
[BlackElo "2152"]
[PlyCount "96"]
[EventDate "2005.04.28"]
[SourceDate "2005.04.28"]

1. e4 c5 2. Nf3 g6 3. d4 cxd4 4. Nxd4 Bg7 5. Nc3 Nc6 6. Be3 Nf6 7. f3 d5 8. Bb5
O-O 9. Nxc6 bxc6 10. Bxc6 Rb8 11. O-O Qc7 12. Nxd5 Nxd5 13. Bxd5 Ba6 14. Rf2
Rfd8 15. Rd2 Bxb2 16. Rb1 Be5 17. Rxb8 Rxb8 18. g3 Bc3 19. Rg2 Bc4 20. Rf2 a5
21. Bf4 e5 22. Be3 Rd8 23. Kg2 Bxa2 24. Qd3 Kg7 25. f4 Bxd5 26. exd5 f5 27. Rf1
a4 28. Rd1 a3 29. Bb6 e4 30. Bd4+ Bxd4 31. Qxd4+ Kf7 32. c4 a2 33. c5 Qa7 34.
d6 Rxd6 35. Qxd6 a1=Q 36. Rxa1 Qxa1 37. Qd7+ Kf6 38. c6 Qb2+ 39. Kh3 Qe2 40.
Qd4+ Kf7 41. Qd7+ Kf6 42. Qd4+ Kf7 43. c7 Qg4+ 44. Kg2 Qf3+ 45. Kg1 e3 46. Qc4+
Kg7 47. Qc2 e2 48. Qc1 Qc6 1/2-1/2

[Event "Heroes Day Cup Candidates"]
[Site "Bridgetown"]
[Date "2005.05.02"]
[Round "9"]
[White "Farley, Terry"]
[Black "Merritt, Mario"]
[Result "1-0"]
[WhiteElo "2186"]
[BlackElo "2152"]
[PlyCount "149"]
[EventDate "2005.04.28"]
[SourceDate "2005.04.28"]

1. e4 c5 2. Nf3 Nc6 3. d4 cxd4 4. Nxd4 g6 5. c4 Bg7 6. Be3 Nf6 7. Nc3 O-O 8.
Be2 d6 9. O-O Bd7 10. Qd2 Nxd4 11. Bxd4 Bc6 12. f3 a5 13. b3 Nd7 14. Be3 Nc5
15. Rab1 Qb6 16. Rfc1 Rfc8 17. Kh1 Qd8 18. Bd1 h5 19. a3 b6 20. b4 axb4 21.
axb4 Nd7 22. Qf2 Rcb8 23. Bb3 Ra3 24. Nd5 b5 25. cxb5 Bxb5 26. Bg5 Nf6 27. Bxf6
Bxf6 28. Nxf6+ exf6 29. Qb2 Ra6 30. Qd4 Rab6 31. Bd5 Qe7 32. f4 Kg7 33. h3 Qd7
34. Qc3 Qa7 35. Ra1 Ra6 36. Rxa6 Qxa6 37. Qc7 Rf8 38. Qa5 f5 39. exf5 gxf5 40.
Rc7 Kg6 41. Rb7 Bc4 42. Qxa6 Bxa6 43. Rb6 Bd3 44. Rxd6+ f6 45. Bc6 Be4 46. b5
Rc8 47. Kg1 Kf7 48. Kf2 Ke7 49. Rd7+ Ke6 50. Rh7 Bxc6 51. bxc6 Rxc6 52. Rxh5
Rc2+ 53. Kg3 Rc3+ 54. Kh4 Rc4 55. g3 Ra4 56. Rh7 Ra8 57. Kh5 Rg8 58. g4 fxg4
59. hxg4 Rd8 60. Kg6 Re8 61. Rg7 Rf8 62. g5 fxg5 63. fxg5 Rh8 64. Ra7 Rh1 65.
Rf7 Rg1 66. Rf2 Ke7 67. Kh6 Rg3 68. g6 Rh3+ 69. Kg7 Re3 70. Kh7 Rg3 71. g7 Rh3+
72. Kg8 Rc3 73. Rh2 Kf6 74. Kh8 Rc8+ 75. g8=Q 1-0